Premier League Appearances by Nationality: Ireland - Statistics

General Stats
  • This quiz has been taken 19 times
  • The average score is 5 of 10
Answer Stats
Appearances Player % Correct
349 Robbie Keane
94%
366 Roy Keane
94%
446 John O'Shea
71%
372 Seamus Coleman
71%
392 Damien Duff
53%
451 Shay Given
53%
431 Richard Dunne
41%
344 Shane Long
29%
359 Rory Delap
12%
377 Stephen Carr
12%
No matching quizzes found
Score Distribution
Percent of People with Each Score
Percentile by Number Answered
Your Score History
You have not taken this quiz